000 00517nam a2200181Ia 4500
005 20250326124007.0
008 250326s9999 xx 000 0 und d
037 _aTextbook
040 _aFMSL
_beng
_cFMSL
041 _aeng
_2eng
084 _aX K4
_qFMSL
100 _aNurkse R
_9736569
245 0 _aProblems of capital formation in underdeveloped countries
_cNurkse R
260 _aGreat
_bGreat, Britain OXford University
_c1964
300 _a163p
942 _cTB
_hX K4
999 _c1271803
_d1271803